Next generation of data-mining applications
Guardado en:
| Otros Autores: | , |
|---|---|
| Formato: | Libro |
| Lenguaje: | inglés |
| Publicado: |
Hoboken
John Wiley & Sons, Inc.
2005
|
| Colección: | Wiley-interscience
|
| Materias: | |
| Etiquetas: |
Sin Etiquetas, Sea el primero en etiquetar este registro!
|
MARC
| LEADER | 00000nam$a2200000$$$4500 | ||
|---|---|---|---|
| 001 | 0082811 | ||
| 005 | 20240315115555.8 | ||
| 020 | |a 0-471-65605-4 | ||
| 041 | 0 | |a eng | |
| 044 | |a US | ||
| 245 | 1 | 0 | |a Next generation of data-mining applications |c edited by: Mehmed M. Kantardzic, Jozef Zurada |
| 264 | 1 | |a Hoboken |b John Wiley & Sons, Inc. |c 2005 | |
| 300 | |a 671 s. | ||
| 490 | 1 | |a Wiley-interscience | |
| 830 | 0 | |a Wiley-interscience | |
| 610 | 2 | 0 | |a dáta |
| 610 | 2 | 0 | |a zber dát |
| 610 | 2 | 0 | |a používatelia |
| 610 | 2 | 0 | |a firmy |
| 610 | 2 | 0 | |a spoločnosti |
| 610 | 2 | 0 | |a obchod |
| 610 | 2 | 0 | |a riadenie vzťahov so zákazníkmi |
| 610 | 2 | 0 | |a predaj |
| 610 | 2 | 0 | |a veda |
| 610 | 2 | 0 | |a inžinieri |
| 610 | 2 | 0 | |a simulácia |
| 610 | 2 | 0 | |a počítače |
| 610 | 2 | 0 | |a modelovanie |
| 610 | 2 | 0 | |a štatistika |
| 610 | 2 | 0 | |a biotechnológia |
| 610 | 2 | 0 | |a informatika |
| 610 | 2 | 0 | |a medicína |
| 610 | 2 | 0 | |a farmakológia |
| 610 | 2 | 0 | |a internet |
| 610 | 2 | 0 | |a ochrana dát |
| 610 | 2 | 0 | |a technológia |
| 700 | 1 | |a Kantardzic, Mehmed M. | |
| 700 | 1 | |a Zurada, Jozef | |